|
|
|
|
| LEADER |
00000nam a2200000 a 4500 |
| 001 |
vtls001286401 |
| 003 |
SK-MaSNL |
| 005 |
20260301113436.0 |
| 008 |
240314s1956 xx 0 und |
| 035 |
|
|
|a SNK000237946
|
| 040 |
|
|
|a SNK
|b slo
|c SNK
|e AACR2
|
| 100 |
1 |
|
|a Melville, Herman,
|d 1819-1891
|4 aut
|9 197473
|
| 245 |
1 |
0 |
|a Bílá velryba
|
| 260 |
|
|
|a Praha
|b Státní nakladatelství krásné literatury
|c 1956
|
| 300 |
|
|
|a 662 s.
|
| 999 |
|
|
|c 714237
|d 716167
|
| 952 |
|
|
|t P60, <04>, [BOOK], {604}
|a SNK
|b SNK
|y NEVYP
|7 0
|p 17A0065204
|o snkIC 15810 D1
|0 0
|1 1
|4 0
|d 1997-05-12
|l 0
|r 2005-01-02 00:00:00
|w 2026-02-23
|